Normal view MARC view
  • Kalat- Quetta - Pakistan

Entry Topical Term

Number of records used in: 3

001 - CONTROL NUMBER

  • control field: 4563

003 - CONTROL NUMBER IDENTIFIER

  • control field: NUST

005 - DATE AND TIME OF LATEST TRANSACTION

  • control field: 20170913112046.0

008 - FIXED-LENGTH DATA ELEMENTS

  • fixed length control field: 170913|| aca||aabn | a|a d

040 ## - CATALOGING SOURCE

  • Original cataloging agency: NUST
  • Transcribing agency: NUST

150 ## - HEADING--TOPICAL TERM

  • Topical term or geographic name entry element: Kalat- Quetta - Pakistan

670 ## - SOURCE DATA FOUND

  • Source citation: Work cat.: (NUST): Puttinger, Henry 4562, Tareekh kalat /, 2011
© 2023 Central Library, National University of Sciences and Technology. All Rights Reserved.